| 000 | 01366nam a2200349 i 4500 | ||
|---|---|---|---|
| 003 | EG-GICUC | ||
| 005 | 20260416151842.0 | ||
| 008 | 260416s1986 fr |||fr|||| 001 0bfre d | ||
| 040 |
_aEG-GiCUC _bfre _cEG-GiCUC _dEG-GiCUC _eRda |
||
| 041 | 0 | _afre | |
| 082 | 0 | 4 |
_221 _a343.37 _bOR . E |
| 092 | 0 | 4 | _221 |
| 099 | _aLaw1 10 343.621 OR . E 5 ed - 1986 | ||
| 100 | 1 |
_aOrtolan, J _eAuteur |
|
| 245 | 1 | 0 |
_aÉléments De Droit Pénal : _bPénalité Juridictions Procédure Suivant La Science Rationnelle, La Législation Positive Et La Jurisprudence Avec Les Données De Nos Statistiques Criminelles. _nTom 2 / _cPar J. Ortolan ; Revue, Complétée Et Mise AU Courant De La Législation Française Et Étrangère Par M. Albert Desjardins. |
| 250 | _aCinquième édition | ||
| 264 | 1 |
_aParis : _bLibrairie Plon, _c1986. |
|
| 300 |
_a668 page ; _c 24 cm. |
||
| 336 |
_2rda contenu _a texte |
||
| 337 |
_2rda medias _aOrdinateur |
||
| 338 |
_2 transporteur rda _a Ressource en ligne |
||
| 500 | _aIndex Pages 643-645. | ||
| 504 | _acomprend des références bibliographiques | ||
| 546 | _aTexte en français | ||
| 650 | 1 | 4 | _aProcès pénal |
| 650 | 1 | 4 | _aDroit De Pénal |
| 651 | 1 | _2qrmak | |
| 700 | 1 |
_aAlbert Desjardins _bRéférences _eTraducteur |
|
| 856 | 4 | 0 | _uhttps://fll.law.cu.edu.eg/fulltext/bks/B10-10071.pdf |
| 905 | _a164 | ||
| 942 |
_2ddc _cBK _e21 _n0 |
||
| 999 |
_c71506 _d71506 |
||